Islam a jeho návrat do postsovietskej Strednej Ázie – príklad Uzbekistanu diplomová práca

Uložené v:
Podrobná bibliografia
Hlavný autor: Mikulová, Anna
Korporativný autor: Fakulta medzinárodných vzťahov EU. Katedra medzinárodných politických vzťahov
Ďalší autori: Čech, Ľubomír, 1955-
Médium: Kniha
Jazyk:Slovak
Vydavateľské údaje: Bratislava 2017
Tagy: Pridať tag
Žiadne tagy, Buďte prvý, kto otaguje tento záznam!

MARC

LEADER 00000nbm a2200000 4500
001 0235365
005 20180223121340.3
041 0 |a slo 
044 |a SK 
245 1 0 |a Islam a jeho návrat do postsovietskej Strednej Ázie – príklad Uzbekistanu  |b diplomová práca  |c Anna Mikulová ; školiteľ: Ľubomír Čech 
264 1 |a Bratislava  |c 2017 
300 |a 72 s. 
100 1 |a Mikulová, Anna 
700 1 |a Čech, Ľubomír, 1955- 
710 2 |a Fakulta medzinárodných vzťahov EU. Katedra medzinárodných politických vzťahov